Culture générale - quel est le suivant ? - Statistiques

Statistiques générales
  • Ce quiz a été pris 902 fois
  • Le résultat moyen est 9 sur 15
Statistiques - réponses
Questions Réponses % Correct
May - June July
94%
Pierre - Feuille Ciseaux
93%
Norvège - Suède Finlande
91%
Terre - Mars Jupiter
81%
Arte - C8 W9
81%
D - F G
76%
Bart - Lisa Maggie
70%
Seis - Siete Ocho
70%
Brésil 1994 - France 1998 Brésil 2002
63%
Salamèche - Reptincel Dracaufeu
47%
14 Juillet - 15 Aout - 1er Novembre
45%
Henri III - Henri IV Louis XIII
39%
Episode IV : un nouvel espoir - Episode V : l'empire contre-attaque Episode VI : Le retour du Jedi
31%
Samsung Galaxy S9 - Samsung Galaxy S10 Samsung Galaxy S20
19%
Jenifer - Nolwenn Leroy Elodie Frégé
13%
Aucun quiz correspondant
Distribution des résultats
% des personnes avec chaque résultat
Percentile par nombre de réponses
Votre historique - résultats
Vous n’avez pas pris ce quiz